000 00319nam a2200121Ia 4500
008 220204s9999 xx 000 0 und d
082 _a33(540)
_bKUR
100 _aKurien, C T
245 0 _aGlobal capitalism and the Indian economy
260 _aHyderabad
_bOrient Longman
_c1994
650 _aGlobalization
942 _cBK
999 _c41752
_d41752